00709 a2200193 4500010001400000020002300014035001300037037001800050082001100068245010900079260005700188270008600245300003000331500004000361650002900401700002400430700002100454710004000475 aENG-85629 a8175200960c275.00 aEN-69162 bD.B.Act / ven14a613.071 aAcademics and beyondbtryst with health science educationcedited by Bijayalaxmi Mishra, Rishi Dev Anand aNew DelhibAssociation of Indian Universities,c2006 aAIU House, 16, Comrade Indrajit Gupta Marg (Kotla Marg)bNew DelhicDelhie110062 axxi, 278 p.c23 cm. (Pbk) aIncludes bibliographical references aHealth science education aMishra, Bijayalaxmi aAnand, Rishi Dev aAssociation of Indian Universities,